000 00846nmm a2200265 a 4500
001 ocm000940786
003 TR-IsHL
005 20201028154936.0
008 150709s2014 tu tur
007 cr cn
020 _a9786055218713
035 _a940786
_b(N$T)
050 0 4 _aPL248.İ34
_bP37 2014
090 0 4 _aPL248.İ34
_bP37 2014
100 1 _aİbili, Mustafa Mutlu
245 1 0 _aPatronlar işçi olurken
_h[electronic resource] /
_cMustafa Mutlu İbili
260 _aİstanbul :
_bParola Yayınları,
_c2014
300 _a193 p.
650 4 _aDil ve Edebiyat
650 4 _aLanguage and Literature
650 0 _aTürk romanı
650 0 _aTurkish fiction
650 7 _aLITERARY COLLECTIONS / Middle Eastern
_2bisacsh
856 4 0 _uhttp://search.ebscohost.com/login.aspx?direct=true&scope=site&db=e011xww&AN=940786
999 _c12832
_d12832